[Event "NATO-ch 31st"]
[Site "Blankenberge"]
[Date "2021.10.15"]
[Round "7.30"]
[White "Ivbulis, Martins"]
[Black "Violini, Paolo"]
[Result "1-0"]
[WhiteElo "1801"]
[BlackElo "1950"]
[PlyCount "85"]
[EventDate "2021.10.11"]
[EventType "team-swiss"]
[EventRounds "7"]
[EventCountry "BEL"]
[SourceTitle "CBM 204 Extra"]
[Source "ChessBase"]
[SourceDate "2021.11.30"]
[SourceVersion "1"]
[SourceVersionDate "2021.11.30"]
[SourceQuality "1"]
[WhiteTeam "Latvia"]
[BlackTeam "Italy"]
[WhiteTeamCountry "LAT"]
[BlackTeamCountry "ITA"]

1. d4 e6 2. Nc3 d5 3. Bf4 Nf6 4. Nb5 Na6 5. a3 c6 6. Nc3 c5 7. e3 Be7 8. g4 e5 9. dxe5 Nxg4 10. Qxd5 Qb6 11. Bb5+ Kf8 12. Qb3 Bh4 13. Bg3 Bxg3 14. hxg3 Be6 15. Qa4 Nc7 16. 0-0-0 Nxf2 17. Rd6 Nxh1 18. Rxb6 axb6 19. Qe4 Nxg3 20. Qxb7 Rc8 21. Bc4 Ke7 22. Bxe6 fxe6 23. Qxb6 Rhd8 24. Qxc5+ Kf7 25. e4 Nh5 26. Na4 Ne8 27. Qf2+ Kg8 28. Nf3 Nf4 29. Kb1 h6 30. b3 Rc7 31. Nd4 g5 32. c3 Ng7 33. b4 Ra8 34. Nc5 Rf7 35. Qh2 Rxa3 36. Kb2 Rfa7 37. Qxh6 Ra2+ 38. Kb3 R2a3+ 39. Kc4 Rf7 40. Qxg5 Nh3 41. Qg3 Nf4 42. Ndxe6 Rxc3+ 43. Qxc3 1-0